000 00343nam a2200157Ia 4500
003 OSt
005 20240311143607.0
008 170523s9999 xx 000 0 und d
020 _a978-9339223304
040 _ciimtu meerut
100 _aSEXENA- RAJAN
245 0 _aMARKETING MANAGEMENT
260 _bTMH
260 _c2002
942 _2ddc
_c02
999 _c1394
_d1394